ՀՀ Գիտությունների ազգային ակադեմիայի հիմնարար գիտական գրադարան  =   Fundamental Scientific Library of NAS RA

Ելեքտրոֆիկացիայի պիոներ Եդիսոնը / (Record no. 164298)

MARC details
000 -LEADER
fixed length control field 00648nam a2200205 u 4500
001 - CONTROL NUMBER
control field 000450885
003 - CONTROL NUMBER IDENTIFIER
control field AM-YeHGA
005 - DATE AND TIME OF LATEST TRANSACTION
control field 20250617133344.0
008 - FIXED-LENGTH DATA ELEMENTS--GENERAL INFORMATION
fixed length control field 050823s1927 ai r 000 0 arm d
040 ## - CATALOGING SOURCE
Original cataloging agency AM-YeHGA
041 1# - LANGUAGE CODE
Language code of text/sound track or separate title arm
Language code of original rus
090 ## - LOCALLY ASSIGNED LC-TYPE CALL NUMBER (OCLC); LOCAL CALL NUMBER (RLIN)
-- 165721
100 1# - MAIN ENTRY--PERSONAL NAME
Personal name Կարինցև, Նիկ.
245 10 - TITLE STATEMENT
Title Ելեքտրոֆիկացիայի պիոներ Եդիսոնը /
Statement of responsibility, etc. Նիկ. Կարինցև; Թարգմ.՝ Ն. Թ.
260 ## - PUBLICATION, DISTRIBUTION, ETC.
Place of publication, distribution, etc. Յերևան :
Name of publisher, distributor, etc. Պետ. հրատ,
Date of publication, distribution, etc. 1927.
300 ## - PHYSICAL DESCRIPTION
Extent 58 էջ :
Other physical details նկ.
440 #0 - SERIES STATEMENT/ADDED ENTRY--TITLE
Title Բնագիտական սերիա
Volume/sequential designation 4
600 14 - SUBJECT ADDED ENTRY--PERSONAL NAME
Personal name Էդիսոն, Թոմաս
650 14 - SUBJECT ADDED ENTRY--TOPICAL TERM
Topical term or geographic name entry element Էլեկտրիֆիկացիա
Holdings
Withdrawn status Lost status Damaged status Not for loan Collection Home library Current library Date acquired Total checkouts Full call number Barcode Date last seen Price effective from Koha item type Public note
        General Fundamental Scientific Library Fundamental Scientific Library 28/12/2016   AII/41563 220041563 28/12/2016 28/12/2016 Գրքեր / Books 30 Days Loan
        General Fundamental Scientific Library Fundamental Scientific Library 28/12/2016   AII/41564 220041564 28/12/2016 28/12/2016 Գրքեր / Books 30 Days Loan


ՀՀ ԳԱԱ հիմնարար գիտական գրադարան
ՀՀ,Երևան 0019
Մարշալ Բաղրամյան 24/6
հեռախոս:(374-10) 52-47-50
Հետադարձ կապ

All site content, except where otherwise noted, is licensed under a
Creative Commons License